00485 a2200169 450000100060000002000180000604000260002410000200005024000370007024500320010730000070013936200090014665000310015594200070018695201050019399900170029848670 a85-16-03093-8 cAnchieta - Bela Vista aBandeira, Pedro10aPor enquanto eu sou pequenolpor10aPor enquanto eu sou pequeno a400 a2009 4aLiteratura infanto-juvenil cBK 00104070a91.4b91.4d2023-11-21l0o028.5 B214 PORp818/BELr2023-11-21 17:40:09w2023-11-21yBK c48670d48670